Alle Buchstaben im Deutschen Alphabet. - Statistiken

Allgemein
  • Dieses Quiz wurde 354 mal gespielt
    341 seit der letzten Aktualisierung
  • Das Durchschnittsergebnis liegt bei 21 aus 30
Antwortstatistiken
Answer
% Korrekt
Ö
100%
B
82%
A
77%
Ä
77%
E
77%
I
77%
J
77%
O
77%
P
77%
R
77%
T
77%
U
77%
Ü
77%
W
77%
F
73%
G
73%
H
73%
K
73%
L
73%
N
73%
S
73%
C
68%
D
68%
M
68%
Q
68%
V
59%
Z
59%
X
55%
Y
55%
ß
14%
Keine übereinstimmenden Quizze gefunden
Verteilung der Resultate
Anzahl Personen mit jedem Resultat
Perzentil nach korrekt beantworteten Fragen
Ihre Resultats-Entwicklung
Sie haben dieses Quiz seit der letzten Aktualisierung nicht gespielt